Traditional Embroideries of India (Record no. 9176)
[ view plain ]
| 000 -LEADER | |
|---|---|
| fixed length control field | 00354nam a22001457a 4500 |
| 003 - CONTROL NUMBER IDENTIFIER | |
| control field | OSt |
| 008 - FIXED-LENGTH DATA ELEMENTS--GENERAL INFORMATION | |
| fixed length control field | 201119b ||||| |||| 00| 0 eng d |
| 020 ## - INTERNATIONAL STANDARD BOOK NUMBER | |
| International Standard Book Number | 9788170247319 |
| 100 ## - MAIN ENTRY--PERSONAL NAME | |
| Personal name | Naik, Shailaja D |
| 245 ## - TITLE STATEMENT | |
| Title | Traditional Embroideries of India |
| 260 ## - PUBLICATION, DISTRIBUTION, ETC. (IMPRINT) | |
| Place of publication, distribution, etc | New Delhi |
| Name of publisher, distributor, etc | APH |
| Date of publication, distribution, etc | 2020 |
| 300 ## - PHYSICAL DESCRIPTION | |
| Extent | 157 |
| 650 ## - SUBJECT ADDED ENTRY--TOPICAL TERM | |
| Topical term or geographic name as entry element | B.A Hons. Fashion |
| 942 ## - ADDED ENTRY ELEMENTS (KOHA) | |
| Source of classification or shelving scheme | Dewey Decimal Classification |
| Koha item type | Text Books |
| 942 ## - ADDED ENTRY ELEMENTS (KOHA) | |
| -- | 3 |
| Withdrawn status | Lost status | Source of classification or shelving scheme | Damaged status | Not for loan | Collection code | Home library | Current library | Date acquired | Source of acquisition | Currency | Cost, normal purchase price | Bill Number | Total Checkouts | Acc. no. / Barcode | Date last seen | Date last borrowed | Actual Cost, discounted price | Bill Date | Koha item type |
|---|---|---|---|---|---|---|---|---|---|---|---|---|---|---|---|---|---|---|---|
| Dewey Decimal Classification | B.A Hons. Fashion | PIET NCR College Library | PIET NCR College Library | 19/11/2020 | Kirti Prakasan | Indian Rup | 700.00 | IN259 | 1 | N263 | 10/08/2021 | 27/07/2021 | 413.00 | 19/11/2020 | Reference Books | ||||
| Dewey Decimal Classification | B.A Hons. Fashion | PIET NCR College Library | PIET NCR College Library | 19/11/2020 | Kirti Prakasan | Indian Rup | 700.00 | IN259 | 2 | N264 | 28/07/2022 | 14/07/2022 | 413.00 | 19/11/2020 | Text Books | ||||
| Dewey Decimal Classification | B.A Hons. Fashion | PIET NCR College Library | PIET NCR College Library | 19/11/2020 | Kirti Prakasan | Indian Rup | 700.00 | IN259 | 1 | N265 | 08/05/2024 | 30/04/2024 | 413.00 | 19/11/2020 | Text Books | ||||
| Dewey Decimal Classification | B.A Hons. Fashion | PIET NCR College Library | PIET NCR College Library | 19/11/2020 | Kirti Prakasan | Indian Rup | 700.00 | IN259 | N266 | 19/11/2020 | 413.00 | 19/11/2020 | Text Books | ||||||
| Dewey Decimal Classification | B.A Hons. Fashion | PIET NCR College Library | PIET NCR College Library | 19/11/2020 | Kirti Prakasan | Indian Rup | 700.00 | IN259 | N267 | 19/11/2020 | 413.00 | 19/11/2020 | Text Books |